| 000 | 01221cam a2200349 a 4500 | ||
|---|---|---|---|
| 001 | 17125481 | ||
| 003 | NUST | ||
| 005 | 20220723165434.0 | ||
| 008 | 120118s2012 nyua 000 0aeng | ||
| 010 | _a 2011501958 | ||
| 020 | _a9780316056878 (pbk.) | ||
| 038 | _aAzhar | ||
| 040 |
_aDLC _cDLC _dDLC |
||
| 042 | _apcc | ||
| 050 | 0 | 0 |
_aPN2287.F4255 _bA3 2012 |
| 082 | 0 | 0 |
_a792.7028092 _aB _223 _bFEY |
| 100 | 1 |
_aFey, Tina, _d1970- _994680 |
|
| 245 | 1 | 0 |
_aBossypants _cTina Fey. |
| 246 | 3 | _aBossy pants | |
| 250 | _a1st Reagan Arthur/Back Bay pbk. ed. | ||
| 260 |
_aNew York : _bBack Bay Books/Little, Brown, _c2012. |
||
| 300 |
_axiv, 275, 9 p. : _bill. (chiefly col.) ; _c21 cm. |
||
| 500 | _a"A Reagan Arthur book." | ||
| 500 | _aIncludes reading group guide. | ||
| 563 | _aPB | ||
| 600 | 1 | 0 |
_aFey, Tina, _d1970- _994680 |
| 650 | 0 |
_aWomen comedians _zUnited States _vBiography. _994681 |
|
| 650 | 0 |
_aWomen television personalities _zUnited States _vBiography. _994682 |
|
| 906 |
_a7 _bcbc _corignew _d2 _encip _f20 _gy-gencatlg |
||
| 942 |
_2ddc _cLC |
||
| 999 |
_c590535 _d590535 |
||